| 000 | 00676nam a2200205 u 4500 | ||
|---|---|---|---|
| 005 | 20231128063844.0 | ||
| 008 | 190221s2007 r 000 0 eng d | ||
| 020 | _a9789707401280 | ||
| 035 | _aUPN01000229215 | ||
| 049 | _aCG | ||
| 050 | 4 |
_aF1219.3 E3 _bC3.4 |
|
| 100 | 1 |
_aCasariego Vázquez, Rocío Minerva _932882 |
|
| 245 | 1 | 0 |
_aLineamientos para el programa de fortalecimiento académico : _balbergues escolares indígenas / _cRocío Minerva Casariego Vázquez. |
| 260 |
_aMéxico : _bSEP : _bCONAFE, _c2007. |
||
| 300 | _a53 p. | ||
| 650 | 4 |
_aIndígenas de México _xEducación _910 |
|
| 650 | 7 |
_aAlbergues escolares _2 _926889 |
|
| 905 | _aLibro | ||
| 999 |
_c201310 _d201310 |
||